| 000 | 00672 a2200193 4500 | ||
|---|---|---|---|
| 020 | _a0852968965 | ||
| 020 | _a9780852968963 | ||
| 082 | _a539.2 | ||
| 090 |
_c907 _d907 |
||
| 100 | 1 | _aRozzi, T. | |
| 245 | 1 | 0 |
_aOpen electromagnetic waveguides / _cT. Rozzi, M. Mongiardo. |
| 260 |
_a[S.l.] : _bThe Institution of Engineering and Technology, _c1997. |
||
| 300 |
_a387 p. ; _c24 cm. |
||
| 490 | 1 | _aIeee electromagnetic waves series. | |
| 700 | 1 | _aMongiardo, M. | |
| 830 | 0 | _aIeee electromagnetic waves series. | |
| 942 |
_aSNS _cBK _k539.2 ROZ |
||
| 999 |
_c29530 _d29530 |
||